Eastern Utah Libraries Catalog: Duchesne, Heber, Roosevelt, & Vernal

Confessions of a nerdy girl. (Record no. 384084)

MARC details
000 -LEADER
fixed length control field 01874cam a2200397 i 4500
001 - CONTROL NUMBER
control field on1376547990
003 - CONTROL NUMBER IDENTIFIER
control field OCoLC
005 - DATE AND TIME OF LATEST TRANSACTION
control field 20230511125910.0
008 - FIXED-LENGTH DATA ELEMENTS--GENERAL INFORMATION
fixed length control field 230420t20202023ilu j 000 0 eng d
040 ## - CATALOGING SOURCE
Original cataloging agency XY4
Language of cataloging eng
Description conventions rda
Transcribing agency XY4
Modifying agency XY4
-- WACOL
020 ## - INTERNATIONAL STANDARD BOOK NUMBER
International Standard Book Number 9781949557077
Qualifying information (paperback)
020 ## - INTERNATIONAL STANDARD BOOK NUMBER
International Standard Book Number 1949557073
Qualifying information (paperback)
035 ## - SYSTEM CONTROL NUMBER
System control number (OCoLC)1376547990
082 04 - DEWEY DECIMAL CLASSIFICATION NUMBER
Classification number [Fic]
Edition number 23
092 ## - LOCALLY ASSIGNED DEWEY CALL NUMBER (OCLC)
Classification number junior fiction
Item number Rey
049 ## - LOCAL HOLDINGS (OCLC)
Holding library WACL
100 1# - MAIN ENTRY--PERSONAL NAME
Personal name Rey, Linda,
Relator term author
9 (RLIN) 6467219
245 10 - TITLE STATEMENT
Title Confessions of a nerdy girl.
Number of part/section of a work Book 3,
Name of part/section of a work letters from prison/
Statement of responsibility, etc Linda Rey
246 3# - VARYING FORM OF TITLE
Title proper/short title Letters from prison
246 3# - VARYING FORM OF TITLE
Title proper/short title Letters from summer camp
264 #1 - Production, Publication, Distribution, Manufacture, and Copyright Notice.
Place of production, publication, distribution, manufacture Monee, IL
Name of producer, publisher, distributor, manufacturer Pretty Bird Literary,
Date of production, publication, distribution, manufacture, or copyr �2020
264 #4 - Production, Publication, Distribution, Manufacture, and Copyright Notice.
Date of production, publication, distribution, manufacture, or copyr 2023
300 ## - PHYSICAL DESCRIPTION
Extent 156 pages ;
Dimensions 21 cm
336 ## - Content Type
Content type term text
337 ## - Media type
Media type term unmediated
338 ## - Carrier type
Carrier type term volume
490 0# - SERIES STATEMENT
Series statement Confessions of a nerdy girl ;
Volume number/sequential designation 03
520 ## - SUMMARY, ETC.
Summary, etc When a major mix up sends me, nerdy girl extraordinaire, to a residential sports camp for Olympic hopefuls instead of science camp, I know anything that can go wrong, will. My only hope is to suck it up and try not to mess anything up. Between majorly missing my dad and my worry over his and Diane's divorce, camp takes a toll on me. (And let's be real, I'm not exactly well-suited for physical agility tests and early morning workout sessions.)Throw in some embarrassing mishaps and a few emotional letters home, and this year's summer camp will be one for the record books.
521 ## - TARGET AUDIENCE NOTE
Target audience note junior fiction
Source Amazon
650 #0 - SUBJECT ADDED ENTRY--TOPICAL TERM
Topical term or geographic name as entry element Adopted children
Form subdivision Juvenile fiction.
9 (RLIN) 6366681
650 #0 - SUBJECT ADDED ENTRY--TOPICAL TERM
Topical term or geographic name as entry element Birthmothers
Form subdivision Juvenile fiction.
9 (RLIN) 6467220
650 #0 - SUBJECT ADDED ENTRY--TOPICAL TERM
Topical term or geographic name as entry element Interpersonal relations in adolescence
Form subdivision Juvenile literature.
9 (RLIN) 5705085
651 #0 - SUBJECT ADDED ENTRY--GEOGRAPHIC NAME
Geographic name California
Form subdivision Juvenile fiction.
9 (RLIN) 5705374
655 #7 - INDEX TERM--GENRE/FORM
Genre/form data or focus term Diary fiction.
Source of term lcgft
994 ## -
-- C0
-- WACOL
Holdings
Withdrawn status Lost status Source of classification or shelving scheme Damaged status Not for loan Collection code Home library Current library Shelving location Date acquired Source of acquisition Serial Enumeration / chronology Total Checkouts Total Renewals Full call number Barcode Date last seen Date checked out Cost, replacement price Price effective from Koha item type
    Dewey Decimal Classification     Junior Fiction Wasatch County Library Wasatch County Library Main Floor Junior Area 05/11/2023 Amazon #3 Confessions of a Nerdy Girl 3 3 J Rey 34301002016089 02/11/2026 01/10/2026 10.99 05/11/2023 BOOK
This project was made possible through a grant from the Institute of Museum and Library Service administered by the Utah State Library Division.

Wasatch County Library

  • 465 East 1200 South, Heber City, Utah 84032
  • Phone 435-654-1511 | Fax 435-654-6456

Hours

  • Monday - Friday 9:30 AM - 8:00 PM
  • Saturday 9:30 AM - 1:30 PM
  • Closed Sundays and Holidays